000 01816nam a2200517 i 4500
001 55761
003 KOSZ 005
005 20210531124259.0
008 080521s2008 pl a f f |000 0 pol
015 _aUWD 2008/13571
020 _a9788373354739
035 _a991042137829705066
035 _a(PL-WaBN)b21287041-48omnis_nlop
035 _ab21287041
035 _a(OCoLC)749910943
035 _axx001126928
035 _a(PL)b0000002128704
035 _a(EXLNZ-48OMNIS_NETWORK)9910084547505606
040 _aWA N
_cWA N
_dKOSZ 005/HR
046 _k2008
080 _a55
080 _a528.9
080 _a(075.8)
100 1 _aLabus, Małgorzata
_eAutor
245 1 0 _aPodstawy geologii strukturalnej i kartografii geologicznej /
_cMałgorzata Labus, Krzysztof Labus.
250 _aWyd. 2.
260 _aGliwice :
_bWydawnictwo Politechniki Śląskiej,
_c2008.
300 _a199, [1] s., [2] k. tabl. złoż. :
_bil. (w tym kolor.) ;
_c24 cm.
336 _aTekst
_btxt
_2rdacontent
337 _aBez urządzenia pośredniczącego
_bn
_2rdamedia
338 _aWolumin
_bnc
_2rdacarrier
380 _aKsiążki
380 _aPublikacje dydaktyczne
385 _mPoziom nauczania
_aSzkoły wyższe
504 _aBibliogr. s. 198-199.
521 8 _aDla studentów geologii, górnictwa i innych dziedzin związanych z nauką o Ziemi.
650 7 _aGeologia
_2DBN
650 7 _aKartografia
_2DBN
655 7 _aPodręczniki akademickie
_2DBN
658 _aGeografia i nauki o Ziemi
700 1 _aLabus, Krzysztof
_d(1963- )
_eAutor
710 2 _aWydawnictwo Politechniki Śląskiej
_4pbl
856 _uhttp://koha.tu.koszalin.pl/cgi-bin/koha/opac-detail.pl?biblionumber=55761
_yKatalog online BPK
942 _2UKD
_cKS
999 _c55761
_d55761